Law and tax : (Record no. 123331)

MARC details
000 -LEADER
fixed length control field 00794nam a22002777a 4500
005 - DATE AND TIME OF LATEST TRANSACTION
control field 20170124105923.0
010 ## - LIBRARY OF CONGRESS CONTROL NUMBER
LC control number A-496475
020 ## - INTERNATIONAL STANDARD BOOK NUMBER
Terms of availability 00
035 ## - SYSTEM CONTROL NUMBER
System control number A-496475
037 ## - SOURCE OF ACQUISITION
Source of stock number/acquisition Cen Lib/Ret
040 ## - CATALOGING SOURCE
Original cataloging agency DPL
Language of cataloging EN
082 ## - DEWEY DECIMAL CLASSIFICATION NUMBER
Classification number 340
100 ## - MAIN ENTRY--PERSONAL NAME
Personal name Rustomji, M.K.
9 (RLIN) 5448
245 ## - TITLE STATEMENT
Title Law and tax :
Statement of responsibility, etc by M.K. Rustomji, Khurshed R. Javeri; illastrated by V.B. Halbe
Remainder of title for the layman /
246 ## - VARYING FORM OF TITLE
Remainder of title
260 ## - PUBLICATION, DISTRIBUTION, ETC. (IMPRINT)
Name of publisher, distributor, etc India Book House
Date of publication, distribution, etc 1984
Place of publication, distribution, etc Bombay
270 ## - ADDRESS
City Bombay
Address 249. dr. d. n. road
Postal code 400001
300 ## - PHYSICAL DESCRIPTION
Extent 129p.
Dimensions 20cm(Hb)
650 ## - SUBJECT ADDED ENTRY--TOPICAL TERM
Topical term or geographic name as entry element Law
9 (RLIN) 104
650 ## - SUBJECT ADDED ENTRY--TOPICAL TERM
Topical term or geographic name as entry element Income tax
9 (RLIN) 5449
650 ## - SUBJECT ADDED ENTRY--TOPICAL TERM
Topical term or geographic name as entry element कानून
9 (RLIN) 102
650 ## - SUBJECT ADDED ENTRY--TOPICAL TERM
Topical term or geographic name as entry element आयकर
9 (RLIN) 5450
700 ## - ADDED ENTRY--PERSONAL NAME
Personal name Javeri, Khorshed R.
9 (RLIN) 5446
700 ## - ADDED ENTRY--PERSONAL NAME
Personal name Halbe, V.B.
9 (RLIN) 5447
942 ## - ADDED ENTRY ELEMENTS (KOHA)
Source of classification or shelving scheme Dewey Decimal Classification
Koha item type English Books
Classification part 340
Call number suffix RUS
Holdings
Withdrawn status Lost status Damaged status Not for loan Home library Current library Date acquired Source of acquisition Cost, normal purchase price Total Checkouts Total Renewals Full call number Barcode Checked out Date last seen Date checked out Copy number Cost, replacement price Price effective from Koha item type
        Central Library Central Library 05/06/2015 Cen Lib/Ret 0.00 1 2 340 RUS A-496475 13/04/2019 03/03/2019 03/03/2019 1 0.00 05/06/2015 English Books

© Delhi Public Library
Hit Counter
free hit counter